[Event "CAN/QC op"]
[Site "Montreal CAN"]
[Date "2002.07.21"]
[Round "10"]
[White "Lacroix, Serge"]
[Black "Lipnowski, Irwin"]
[Result "0-1"]
[WhiteElo "2038"]
[BlackElo "2416"]
[PlyCount "57"]
[EventDate "2002.07.13"]
[EventType "swiss"]
[EventRounds "9"]
[EventCountry "CAN"]

1. e4 c5 2. Nf3 e6 3. d4 cxd4 4. Nxd4 Nf6 5. Nc3 d6 6. Bg5 Be7 7. f4 Nbd7 8.
Qf3 a6 9. O-O-O Qc7 10. g4 b5 11. Bxf6 gxf6 12. f5 Ne5 13. Qg3 Bd7 14. fxe6
fxe6 15. Nce2 Kf7 16. Nf4 b4 17. h4 Rhf8 18. Be2 Qc8 19. Rhf1 Ke8 20. Rg1 h5
21. Qb3 hxg4 22. h5 Kf7 23. Nf5 Qb7 24. Rd4 a5 25. Ng6 a4 26. Ngxe7 axb3 27.
Nxd6+ Kxe7 28. Nxb7 bxa2 29. Kd2 0-1

[Event "Quebec-ch 1/2 final"]
[Site "Montreal CAN"]
[Date "2002.06.08"]
[Round "3"]
[White "Lacroix, Serge"]
[Black "Ramaswamy, Kishor"]
[Result "1/2-1/2"]
[WhiteElo "2034"]
[BlackElo "2076"]
[PlyCount "136"]
[EventDate "2002.06.07"]
[EventType "swiss"]
[EventRounds "5"]
[EventCountry "CAN"]

1. e4 c6 2. d4 d5 3. Nc3 dxe4 4. Nxe4 Nf6 5. Nxf6+ exf6 6. Bf4 Bd6 7. Bxd6 Qxd6
8. Qd2 O-O 9. O-O-O Bf5 10. Ne2 b5 11. Qf4 Qe6 12. d5 Qe4 13. Qxe4 Bxe4 14.
dxc6 Nxc6 15. Nc3 Bg6 16. Bxb5 Nb4 17. Ba4 Rfc8 18. Rd6 a5 19. Rhd1 h6 20. a3
Na6 21. Nd5 Rc5 22. Ne7+ Kh7 23. Nxg6 Kxg6 24. c3 Nc7 25. Bc2+ Kg5 26. Rd7 g6
27. R1d4 h5 28. h4+ Kh6 29. Rxf7 Ne6 30. Rdd7 Nf8 31. Rc7 Re5 32. Rce7 Rd5 33.
Rxf6 Rad8 34. Ref7 Re5 35. Rxf8 Re1+ 36. Bd1 Rdxd1+ 37. Kc2 Rc1+ 38. Kb3 Re4
39. Rf4 Re5 40. R4f7 g5 41. hxg5+ Kg6 42. Rf6+ Kg7 43. R8f7+ Kg8 44. Rf5 Re4
45. Ra7 Re2 46. Rfxa5 Rcc2 47. Rd5 Rxb2+ 48. Kc4 Re8 49. Rf5 Rc8+ 50. Kd3 Rb3
51. Rd5 Rbxc3+ 52. Ke4 Re8+ 53. Kf5 Rc6 54. g6 Rc2 55. g7 Rxf2+ 56. Kg6 Rxg2+
57. Kxh5 Rxg7 58. Rxg7+ Kxg7 59. Kg5 Ra8 60. Rd3 Ra5+ 61. Kf4 Kf6 62. Ke3 Ke6
63. Rc3 Kd5 64. Kd3 Kd6 65. Rb3 Kc5 66. Kc2 Rb5 67. a4 Rxb3 68. Kxb3 Kb6
1/2-1/2

[Event "Quebec-ch 1/2 final"]
[Site "Montreal CAN"]
[Date "2002.06.09"]
[Round "4"]
[White "Liard, Serge"]
[Black "Lacroix, Serge"]
[Result "0-1"]
[WhiteElo "1973"]
[BlackElo "2047"]
[PlyCount "94"]
[EventDate "2002.06.07"]
[EventType "swiss"]
[EventRounds "5"]
[EventCountry "CAN"]

1. e4 e5 2. Nf3 Nc6 3. Bb5 a6 4. Bxc6 dxc6 5. O-O f6 6. h3 c5 7. d3 Be6 8. Nc3
Ne7 9. Be3 Nc6 10. Rc1 Qd7 11. b3 g5 12. Nh2 h5 13. Qf3 Be7 14. Nd5 Bxd5 15.
exd5 Nd4 16. Bxd4 cxd4 17. d6 Qxd6 18. Qxb7 Kf7 19. Nf3 c6 20. c4 Rhb8 21. c5
Qe6 22. Qc7 Rc8 23. Qa5 g4 24. Nd2 gxh3 25. g3 h4 26. Kh2 f5 27. Qa4 Qd5 28.
Qc4 Bg5 29. Rc2 Kf6 30. Qxd5 cxd5 31. Nf3 hxg3+ 32. fxg3 Be3 33. Nh4 f4 34.
gxf4 Bxf4+ 35. Kxh3 Rg8 36. Rg2 Rxg2 37. Rxf4+ exf4 38. Kxg2 Re8 39. Kf2 Re3
40. Nf3 Rxd3 41. b4 Ra3 42. Nxd4 Rxa2+ 43. Kf3 Rb2 44. Nc6 Kg5 45. Ne7 Rb3+ 46.
Kf2 Rxb4 47. c6 Rc4 0-1

[Event "Quebec-ch 1/2 final"]
[Site "Montreal CAN"]
[Date "2002.06.09"]
[Round "5"]
[White "Lacroix, Serge"]
[Black "Pageau, Roger"]
[Result "1/2-1/2"]
[WhiteElo "2047"]
[BlackElo "1901"]
[PlyCount "106"]
[EventDate "2002.06.07"]
[EventType "swiss"]
[EventRounds "5"]
[EventCountry "CAN"]

1. e4 c6 2. d4 g6 3. f4 Bg7 4. Nf3 d6 5. c3 Nf6 6. Bd3 O-O 7. h3 b6 8. Qe2 Nbd7
9. O-O Re8 10. e5 Nh5 11. Kh2 Bh6 12. Ng5 Bxg5 13. fxg5 dxe5 14. g4 Nf4 15.
Bxf4 exf4 16. Nd2 Qc7 17. Nf3 Bb7 18. Rae1 c5 19. Be4 Rad8 20. Bxb7 Qxb7 21.
Qe4 Qc7 22. Kh1 cxd4 23. Nxd4 Nc5 24. Qc6 Rd7 25. Qxc7 Rxc7 26. Re2 Kf8 27.
Rxf4 e5 28. Nb5 Rd7 29. Rf6 Rd1+ 30. Kh2 Nd7 31. Rf3 a5 32. Na3 Re6 33. Nc4 Rd5
34. Nd2 Nc5 35. Nc4 Nd3 36. Rf6 b5 37. Rxe6 fxe6 38. Nxa5 Nf4 39. Rf2 Rd3 40.
Nc6 Rxh3+ 41. Kg1 Re3 42. Nxe5 Rxe5 43. Rxf4+ Ke7 44. a4 bxa4 45. Rxa4 Rxg5 46.
Kf2 Rb5 47. b4 h5 48. Ra7+ Kd6 49. gxh5 gxh5 50. Ra6+ Kd5 51. Ra8 Kc4 52. Rc8+
Kd3 53. Rc5 Rb8 1/2-1/2

[Event "Quebec-ch qual. 2"]
[Site "Montreal CAN"]
[Date "2002.05.24"]
[Round "1"]
[White "Lacroix, Serge"]
[Black "Nguyen, Xuan Liem"]
[Result "1-0"]
[WhiteElo "2034"]
[BlackElo "1469"]
[Annotator "Incomplete"]
[PlyCount "63"]
[EventDate "2002.05.24"]
[EventType "swiss"]
[EventRounds "5"]
[EventCountry "CAN"]

1. e4 c5 2. Nf3 d6 3. d4 cxd4 4. Nxd4 Nf6 5. Nc3 g6 6. Be3 Bg7 7. f3 O-O 8. Qd2
Nc6 9. Bc4 Bd7 10. O-O-O Ne5 11. Bb3 Qa5 12. Nd5 Qxd2+ 13. Rxd2 Nxd5 14. Bxd5
Rab8 15. h4 h5 16. Ne2 Bb5 17. Nd4 Bc4 18. b3 Bxd5 19. exd5 b5 20. Rg1 Rfc8 21.
Bg5 Kf8 22. Re2 Rb7 23. f4 Ng4 24. f5 f6 25. Bd2 gxf5 26. Rf1 a6 27. c3 Kf7 28.
Rxf5 Kg6 29. Rf3 Rg8 30. Kb2 Kf7 31. Rg3 Re8 32. Bf4 {etc.} 1-0

[Event "Quebec-ch qual. 2"]
[Site "Montreal CAN"]
[Date "2002.05.25"]
[Round "2"]
[White "Clyde, Jordan"]
[Black "Lacroix, Serge"]
[Result "1/2-1/2"]
[WhiteElo "1785"]
[BlackElo "2034"]
[PlyCount "70"]
[EventDate "2002.05.24"]
[EventType "swiss"]
[EventRounds "5"]
[EventCountry "CAN"]

1. Nf3 Nf6 2. b3 d5 3. Bb2 c5 4. g3 Nc6 5. d3 Qc7 6. Nbd2 e5 7. e4 d4 8. a4 Be7
9. Nc4 Be6 10. Bc1 h6 11. Bd2 b6 12. Bg2 O-O 13. Nh4 a5 14. f4 Bg4 15. Bf3 Bxf3
16. Nxf3 Nd7 17. Ncxe5 Ndxe5 18. Nxe5 Nxe5 19. fxe5 Qxe5 20. O-O f5 21. Qh5 Bg5
22. Bf4 Qe6 23. Bxg5 hxg5 24. exf5 Rxf5 25. Rxf5 Qxf5 26. Rf1 Qe5 27. Qf7+ Kh7
28. Qf5+ Qxf5 29. Rxf5 Kg6 30. Rd5 Re8 31. Rd6+ Kf5 32. Kf2 Rh8 33. Kg2 Re8 34.
Kf2 Rh8 35. Kg2 Rh6 1/2-1/2

[Event "Quebec-ch qual. 2"]
[Site "Montreal CAN"]
[Date "2002.05.25"]
[Round "3"]
[White "Lacroix, Serge"]
[Black "Goldner, John"]
[Result "1-0"]
[WhiteElo "2034"]
[BlackElo "1739"]
[PlyCount "60"]
[EventDate "2002.05.24"]
[EventType "swiss"]
[EventRounds "5"]
[EventCountry "CAN"]

1. e4 c5 2. Nf3 Nc6 3. d4 cxd4 4. Nxd4 Nf6 5. Nc3 d6 6. Bg5 e5 7. Ndb5 a6 8.
Na3 b5 9. Bxf6 gxf6 10. Nd5 f5 11. exf5 Bxf5 12. c3 Bg7 13. Nc2 O-O 14. Nce3
Be6 15. g4 f5 16. gxf5 Bxf5 17. Nxf5 Rxf5 18. Ne3 Rf7 19. Bg2 Qh4 20. O-O e4
21. Qg4 Qxg4 22. Nxg4 d5 23. Rad1 Rd8 24. Rd2 h5 25. Ne3 d4 26. Rfd1 dxe3 27.
Rxd8+ Nxd8 28. Rxd8+ Bf8 29. fxe3 Kg7 30. Re8 Bc5 1-0

[Event "Quebec-ch qual. 2"]
[Site "Montreal CAN"]
[Date "2002.05.26"]
[Round "4"]
[White "Corriveau, Philippe"]
[Black "Lacroix, Serge"]
[Result "0-1"]
[WhiteElo "1905"]
[BlackElo "2034"]
[PlyCount "68"]
[EventDate "2002.05.24"]
[EventType "swiss"]
[EventRounds "5"]
[EventCountry "CAN"]

1. e4 e5 2. f4 exf4 3. Nf3 Be7 4. Nc3 Bh4+ 5. Ke2 d6 6. d4 f5 7. Qd3 fxe4 8.
Qxe4+ Be7 9. Nd5 c6 10. Nxe7 Nxe7 11. Qxf4 Bf5 12. c3 O-O 13. Kf2 Bg6 14. Qh4
Nd7 15. Bg5 Nf6 16. Bxf6 Rxf6 17. Be2 Nf5 18. Qh3 c5 19. dxc5 Qc7 20. b4 dxc5
21. Qg4 Kh8 22. Qc4 b6 23. Rhe1 Bf7 24. Qg4 cxb4 25. cxb4 b5 26. Kg1 Qb6+ 27.
Kh1 Ne3 28. Qe4 Re8 29. Qb1 Ng4 30. h3 Nf2+ 31. Kh2 Qc7+ 32. Kg1 Qg3 33. Kf1
Nxh3 34. gxh3 Be6 0-1

[Event "Quebec-ch qual. 2"]
[Site "Montreal CAN"]
[Date "2002.05.26"]
[Round "5"]
[White "Ibrahim, Anthony"]
[Black "Lacroix, Serge"]
[Result "1/2-1/2"]
[WhiteElo "2178"]
[BlackElo "2034"]
[PlyCount "118"]
[EventDate "2002.05.24"]
[EventType "swiss"]
[EventRounds "5"]
[EventCountry "CAN"]

1. e4 e5 2. Nf3 Nc6 3. d4 exd4 4. Nxd4 Nf6 5. Nc3 Bb4 6. Nxc6 bxc6 7. Bd3 d5 8.
e5 Ng4 9. O-O O-O 10. h3 Nxe5 11. Bxh7+ Kxh7 12. Qh5+ Kg8 13. Qxe5 Re8 14. Qg3
Re6 15. Bf4 Rg6 16. Qd3 Qf6 17. Bg3 Bf5 18. Qa6 Bc5 19. Kh2 Bd6 20. Bxd6 Qxd6+
21. f4 Bxc2 22. Rf2 Bf5 23. Rd1 Re8 24. Qxa7 Rge6 25. g3 Rh6 26. h4 g5 27. Qd4
gxh4 28. g4 Bxg4 29. Rg1 f5 30. Rfg2 Qf6 31. Qxf6 Rxf6 32. Nd1 h3 33. Rd2 Rfe6
34. Nc3 Kf7 35. Rf1 Kg6 36. Rff2 Kh5 37. Na4 Kh4 38. Nc5 Re2 39. Rdxe2 Rxe2 40.
Rxe2 Bxe2 41. Ne6 Kg4 42. a4 c5 43. Nxc5 d4 44. a5 d3 45. a6 d2 46. a7 Bf3 47.
Nd3 Ba8 48. Nf2+ Kf3 49. Nd1 Ke2 50. Nc3+ Ke1 51. Kxh3 d1=Q 52. Nxd1 Kxd1 53.
Kh4 Kc2 54. Kg5 Be4 55. a8=Q Bxa8 56. Kxf5 Bd5 57. Ke5 Bf7 58. Kd4 Kxb2 59. Kc5
Be8 1/2-1/2

[Event "Beloeil"]
[Site "Beloeil CAN"]
[Date "2002.05.31"]
[Round "3"]
[White "Lacroix, Serge"]
[Black "Boulay, David"]
[Result "0-1"]
[WhiteElo "2049"]
[BlackElo "2210"]
[Annotator "Incomplete"]
[PlyCount "51"]
[EventDate "2002.05.17"]
[EventType "swiss"]
[EventRounds "4"]
[EventCountry "CAN"]

1. d4 Nf6 2. c4 g6 3. Nc3 Bg7 4. e4 d6 5. Nf3 O-O 6. h3 c6 7. Be3 Qc7 8. Qd2 e5
9. d5 c5 10. Bd3 Na6 11. a3 Qe7 12. Rb1 Nh5 13. Bh6 f5 14. Bxg7 Kxg7 15. Qg5
Qxg5 16. Nxg5 Nf4 17. Bf1 h6 18. Nf3 g5 19. Nd2 Ng6 20. exf5 Bxf5 21. Nde4 Nc7
22. Rd1 Ne8 23. g3 Ne7 24. Bg2 Bd7 25. O-O Nf5 26. Ne2 {etc.} 0-1

[Event "Quebec-ch qual. 1"]
[Site "Montreal CAN"]
[Date "2002.04.27"]
[Round "2"]
[White "Lefebvre, Gabriel"]
[Black "Lacroix, Serge"]
[Result "0-1"]
[WhiteElo "1344"]
[BlackElo "2006"]
[PlyCount "73"]
[EventDate "2002.04.26"]
[EventType "swiss"]
[EventRounds "5"]
[EventCountry "CAN"]

1. e4 e5 2. Nf3 Nc6 3. Bb5 a6 4. Ba4 Nf6 5. O-O Be7 6. Re1 b5 7. Bb3 d6 8. c3
O-O 9. h3 Na5 10. Bc2 c5 11. d4 Qc7 12. Nbd2 Bd7 13. Nf1 cxd4 14. cxd4 Rfc8 15.
Ne3 Nc4 16. Nxc4 bxc4 17. g4 c3 18. b3 Be8 19. Nh4 g6 20. f4 exd4 21. Qxd4 d5
22. Qe5 Qxe5 23. fxe5 Nxe4 24. Ng2 Bc5+ 25. Kh2 Nd2 26. Bxd2 cxd2 27. Re2 Bd4
28. Rd1 Rxc2 29. Rexd2 Rxd2 30. Rxd2 Bxe5+ 31. Kg1 d4 32. Ne1 Bf4 33. Rd1 Be3+
34. Kg2 Bc6+ 35. Kg3 Be4 36. Nf3 Bxf3 37. Kxf3 0-1

[Event "Quebec-ch qual. 1"]
[Site "Montreal CAN"]
[Date "2002.04.28"]
[Round "4"]
[White "Lacroix, Serge"]
[Black "Bouchard, Jean-Marc"]
[Result "1-0"]
[WhiteElo "2006"]
[BlackElo "2029"]
[PlyCount "81"]
[EventDate "2002.04.26"]
[EventType "swiss"]
[EventRounds "5"]
[EventCountry "CAN"]

1. e4 e6 2. d4 d5 3. Nc3 Bb4 4. e5 Ne7 5. a3 Bxc3+ 6. bxc3 b6 7. Nf3 Ba6 8.
Bxa6 Nxa6 9. O-O Nb8 10. Ng5 h6 11. Nh3 c5 12. Nf4 g6 13. a4 Nbc6 14. Ba3 Nf5
15. dxc5 Nxe5 16. Re1 Nc4 17. cxb6 Nxa3 18. b7 Rb8 19. Rxa3 O-O 20. Rb3 Qd7 21.
Nd3 Nd6 22. Ne5 Qc7 23. Qd2 Nc4 24. Nxc4 dxc4 25. Rb4 Kh7 26. Reb1 Rfd8 27. Qe2
a5 28. Rb5 Rd5 29. g3 Qc6 30. Rb6 Qxa4 31. h4 Rc5 32. Qe4 Qd7 33. g4 Qc7 34.
Kg2 h5 35. f3 Re5 36. Rc6 Rxe4 37. Rxc7 Re2+ 38. Kf1 Rxc2 39. Rc8 Rc1+ 40. Rxc1
Rxb7 41. Rxc4 1-0

[Event "Quebec-ch qual. 1"]
[Site "Montreal CAN"]
[Date "2002.04.28"]
[Round "5"]
[White "Ibrahim, Anthony"]
[Black "Lacroix, Serge"]
[Result "1/2-1/2"]
[WhiteElo "2171"]
[BlackElo "2006"]
[PlyCount "44"]
[EventDate "2002.04.26"]
[EventType "swiss"]
[EventRounds "5"]
[EventCountry "CAN"]

1. e4 e5 2. Nf3 Nc6 3. d4 exd4 4. Nxd4 Nf6 5. Nxc6 bxc6 6. e5 Qe7 7. Qe2 Nd5 8.
c4 Nb6 9. Nd2 d6 10. exd6 cxd6 11. Ne4 Be6 12. Bf4 Nxc4 13. O-O-O d5 14. Ng5
Qf6 15. Nxe6 fxe6 16. Bg3 Ba3 17. bxa3 Qa1+ 18. Kc2 Qxa2+ 19. Kc1 Qxa3+ 20. Kb1
Qb3+ 21. Ka1 Qa4+ 22. Kb1 Qb3+ 1/2-1/2

[Event "Laval XIX"]
[Site "Laval CAN"]
[Date "2002.04.19"]
[Round "1"]
[White "Daniel, Robert"]
[Black "Lacroix, Serge"]
[Result "1/2-1/2"]
[WhiteElo "1898"]
[BlackElo "1982"]
[PlyCount "54"]
[EventDate "2002.04.19"]
[EventType "swiss"]
[EventRounds "5"]
[EventCountry "CAN"]

1. e4 e5 2. Bb5 c6 3. Ba4 d5 4. exd5 Qxd5 5. Qf3 Qxf3 6. Nxf3 Bd6 7. Nc3 Bg4 8.
Ng5 Nf6 9. Bb3 O-O 10. Nge4 Nxe4 11. Nxe4 Be7 12. d3 Nd7 13. Bd2 Nc5 14. O-O a5
15. Nxc5 Bxc5 16. a3 a4 17. Ba2 Bd4 18. Rab1 Rfe8 19. Be3 Be6 20. Bxe6 Rxe6 21.
Bxd4 exd4 22. Rfe1 Rae8 23. Rxe6 Rxe6 24. Kf1 f5 25. Re1 Kf7 26. Rxe6 Kxe6 27.
f4 b5 1/2-1/2

[Event "Laval XIX"]
[Site "Laval CAN"]
[Date "2002.04.20"]
[Round "3"]
[White "Bolduc, Steve"]
[Black "Lacroix, Serge"]
[Result "1-0"]
[WhiteElo "2268"]
[BlackElo "1982"]
[PlyCount "143"]
[EventDate "2002.04.19"]
[EventType "swiss"]
[EventRounds "5"]
[EventCountry "CAN"]

1. Nf3 Nf6 2. g3 b6 3. Bg2 Bb7 4. O-O e6 5. d3 d5 6. Nbd2 c5 7. e4 Nbd7 8. Qe2
Be7 9. Re1 O-O 10. e5 Ne8 11. Nf1 Nc7 12. h4 d4 13. N1h2 Nd5 14. Ng4 Qc7 15.
Ng5 Bxg5 16. hxg5 Nb4 17. a3 Nd5 18. Bd2 b5 19. Be4 Ne7 20. Nf6+ Nxf6 21. gxf6
Ng6 22. fxg7 Rfd8 23. Qh5 Bxe4 24. Rxe4 Rd5 25. Rae1 f5 26. R4e2 Qxg7 27. Bh6
Qf7 28. f4 Rc8 29. g4 fxg4 30. Qxg4 Qf5 31. Qxf5 exf5 32. Rh2 c4 33. Ree2 cxd3
34. cxd3 Rc1+ 35. Kf2 Rdc5 36. Rh5 R1c2 37. Rxf5 Rxe2+ 38. Kxe2 Rc2+ 39. Kd1
Rh2 40. Bg5 h6 41. e6 Rh1+ 42. Kc2 hxg5 43. Rxg5 Kh7 44. f5 Rh2+ 45. Kb3 Nf4
46. e7 Nxd3 47. Rh5+ Rxh5 48. e8=Q Nc5+ 49. Kc2 Rxf5 50. Qe7+ Kg6 51. Qd6+ Kf7
52. Qxd4 a5 53. Qd8 a4 54. Qc7+ Kf6 55. Qb6+ Ne6 56. Kd3 Rd5+ 57. Kc3 Ke5 58.
Kb4 Nd4 59. Qg6 Rd6 60. Qg3+ Kd5 61. Qg2+ Ke5 62. Kc5 Rd7 63. Qg5+ Ke6 64. Qe3+
Kf7 65. Qxd4 Rc7+ 66. Kxb5 Ke7 67. Kxa4 Ke8 68. b4 Ke7 69. b5 Ke8 70. b6 Rc8
71. b7 Rb8 72. Qe5+ 1-0

[Event "Laval XIX"]
[Site "Laval CAN"]
[Date "2002.04.21"]
[Round "4"]
[White "Lacroix, Serge"]
[Black "Trottier, Stephane"]
[Result "1-0"]
[WhiteElo "1982"]
[BlackElo "1927"]
[PlyCount "65"]
[EventDate "2002.04.19"]
[EventType "swiss"]
[EventRounds "5"]
[EventCountry "CAN"]

1. e4 d5 2. exd5 Nf6 3. d4 Bg4 4. Be2 Bxe2 5. Qxe2 Qxd5 6. Nf3 Nc6 7. O-O O-O-O
8. c3 e6 9. Re1 Bd6 10. Nbd2 h6 11. Nc4 g5 12. b4 Qf5 13. b5 Ne7 14. Nxd6+ cxd6
15. c4 Ng6 16. Be3 Nf4 17. Bxf4 Qxf4 18. Qe3 Qxe3 19. Rxe3 b6 20. a4 g4 21. Nd2
Kb7 22. a5 Rc8 23. Rea3 Ra8 24. f3 h5 25. Kf2 bxa5 26. Rxa5 Rhg8 27. Ra6 gxf3
28. gxf3 h4 29. Rxd6 h3 30. Nb3 Rg2+ 31. Ke3 Rxh2 32. Nc5+ Kc7 33. Raa6 1-0

[Event "Laval XIX"]
[Site "Laval CAN"]
[Date "2002.04.21"]
[Round "5"]
[White "Lacroix, Serge"]
[Black "Ramaswamy, Kishor"]
[Result "1-0"]
[WhiteElo "1982"]
[BlackElo "2047"]
[PlyCount "91"]
[EventDate "2002.04.19"]
[EventType "swiss"]
[EventRounds "5"]
[EventCountry "CAN"]

1. e4 c6 2. d4 d5 3. Nc3 dxe4 4. Nxe4 Nf6 5. Nxf6+ exf6 6. Nf3 Bd6 7. Be3 O-O
8. Qd2 Be6 9. Bd3 Re8 10. O-O Nd7 11. Bf4 Nf8 12. Rfe1 Ng6 13. Bxd6 Qxd6 14.
Bxg6 fxg6 15. Re3 Bd5 16. c3 Re4 17. Rxe4 Bxe4 18. Ne1 Re8 19. b3 Qe7 20. f3
Bf5 21. Kf2 Kf8 22. Nd3 Bxd3 23. Qxd3 f5 24. Qd2 h6 25. g3 g5 26. Re1 Qxe1+ 27.
Qxe1 Rxe1 28. Kxe1 Ke7 29. Ke2 b5 30. g4 g6 31. Kd3 Ke6 32. c4 a6 33. Kc3 a5
34. d5+ Kd6 35. dxc6 Kxc6 36. cxb5+ Kxb5 37. a3 h5 38. h3 hxg4 39. hxg4 f4 40.
b4 axb4+ 41. axb4 Kb6 42. Kd4 Kb5 43. Ke5 Kxb4 44. Kf6 Kc3 45. Kxg5 Kd4 46.
Kxf4 1-0

[Event "Hivernal"]
[Site "Beloeil CAN"]
[Date "2002.03.31"]
[Round "5"]
[White "Lacroix, Serge"]
[Black "Tessier, Olivier"]
[Result "1-0"]
[WhiteElo "1984"]
[BlackElo "2029"]
[PlyCount "49"]
[EventDate "2002.03.29"]
[EventType "swiss"]
[EventRounds "5"]
[EventCountry "CAN"]

1. e4 Nf6 2. e5 Nd5 3. d4 d6 4. Nf3 dxe5 5. Nxe5 Nd7 6. Nxf7 Kxf7 7. Qh5+ Ke6
8. c4 N5f6 9. d5+ Kd6 10. Bf4+ e5 11. dxe6+ Kxe6 12. Qf3 Bc5 13. Nc3 Kf7 14.
O-O-O c6 15. Ne4 Nxe4 16. Bg5+ Nef6 17. Bd3 Qa5 18. Rhe1 Rf8 19. Bxh7 Bb4 20.
Bd2 Bxd2+ 21. Rxd2 Qh5 22. Qxh5+ Nxh5 23. Rde2 Nf4 24. Re5 Nf6 25. Re7# 1-0

[Event "Mauricie op"]
[Site "Trois-Rivieres CAN"]
[Date "2002.03.15"]
[Round "1"]
[White "Soudre, Nicolas"]
[Black "Lacroix, Serge"]
[Result "1/2-1/2"]
[WhiteElo "2166"]
[BlackElo "1960"]
[PlyCount "91"]
[EventDate "2002.03.15"]
[EventType "swiss"]
[EventRounds "5"]
[EventCountry "CAN"]

1. e4 e5 2. Nf3 Nc6 3. Nc3 Nf6 4. d4 exd4 5. Nxd4 Bb4 6. Nxc6 bxc6 7. Bd3 d5 8.
exd5 cxd5 9. O-O O-O 10. Bg5 c6 11. Na4 Bd6 12. c4 h6 13. Bh4 Be6 14. Rc1 Rb8
15. Bg3 Bxg3 16. hxg3 Ng4 17. Be2 Nf6 18. Qc2 Qa5 19. a3 dxc4 20. Bxc4 Bf5 21.
Qd1 Rfd8 22. b4 Rxd1 23. bxa5 Rd2 24. f3 Bc2 25. Nc5 Rb2 26. Rf2 Rxf2 27. Kxf2
Bd3+ 28. Kg1 Bxc4 29. Rxc4 Nd5 30. Re4 Rb5 31. Re8+ Kh7 32. Nd7 g5 33. Ne5 Rxa5
34. Nxc6 Rxa3 35. Ra8 Ra1+ 36. Kh2 a6 37. Ra7 Kg6 38. Ne5+ Kf6 39. Nxf7 h5 40.
Nd6 a5 41. Nc4 a4 42. Ra6+ Kf5 43. Ra5 Ke6 44. Ra6+ Kf5 45. Ra5 Ke6 46. Ra6+
1/2-1/2

[Event "Mauricie op"]
[Site "Trois-Rivieres CAN"]
[Date "2002.03.16"]
[Round "3"]
[White "Arsenault, Michel"]
[Black "Lacroix, Serge"]
[Result "1/2-1/2"]
[WhiteElo "2139"]
[BlackElo "1960"]
[PlyCount "56"]
[EventDate "2002.03.15"]
[EventType "swiss"]
[EventRounds "5"]
[EventCountry "CAN"]

1. c4 Nf6 2. g3 d5 3. cxd5 Nxd5 4. Bg2 e5 5. Nc3 Be6 6. Nf3 Nc6 7. O-O Be7 8.
d4 exd4 9. Nxd4 Nxd4 10. Qxd4 Bf6 11. Qa4+ c6 12. Nxd5 Bxd5 13. Rd1 b5 14. Qc2
Qb6 15. Bxd5 cxd5 16. Rxd5 O-O 17. Be3 Qa5 18. Qb3 a6 19. Rad1 Rad8 20. Bd2 Qc7
21. Bf4 Qa5 22. Bd6 Rfe8 23. Bb4 Qc7 24. Rxd8 Rxd8 25. Rxd8+ Qxd8 26. Bc3 Bxc3
27. Qxc3 g6 28. Qe5 h5 1/2-1/2

[Event "Mauricie op"]
[Site "Trois-Rivieres CAN"]
[Date "2002.03.17"]
[Round "3"]
[White "Lacroix, Serge"]
[Black "Masse, Hugues"]
[Result "1-0"]
[WhiteElo "1960"]
[BlackElo "2121"]
[Annotator "Incomplete"]
[PlyCount "59"]
[EventDate "2002.03.15"]
[EventType "swiss"]
[EventRounds "5"]
[EventCountry "CAN"]

1. e4 e6 2. d4 d5 3. Nc3 Nf6 4. Bg5 Be7 5. e5 Nfd7 6. Bxe7 Qxe7 7. f4 O-O 8.
Nf3 c5 9. Qd2 Nc6 10. O-O-O Nb6 11. dxc5 Qxc5 12. Nd4 Bd7 13. Be2 Rac8 14. g4
Nxd4 15. Qxd4 Na4 16. Qxc5 Rxc5 17. Ne4 Rc7 18. Nd6 Nb6 19. Rd4 Nc8 20. Nxc8
Rfxc8 21. c3 Rc5 22. Rhd1 Bb5 23. Bxb5 Rxb5 24. f5 Rbc5 25. h4 Rc4 26. R1d3 Kf8
27. Kd2 Ke7 28. Ke3 Kd7 29. Kf4 b5 30. a3 {etc.} 1-0

[Event "Mauricie op"]
[Site "Trois-Rivieres CAN"]
[Date "2002.03.17"]
[Round "4"]
[White "Lacroix, Serge"]
[Black "Luksza, Arkadiusz"]
[Result "0-1"]
[WhiteElo "2248"]
[BlackElo "1960"]
[PlyCount "47"]
[EventDate "2002.03.15"]
[EventType "swiss"]
[EventRounds "5"]
[EventCountry "CAN"]

1. e4 d6 2. d4 Nf6 3. Nc3 g6 4. f4 Bg7 5. Nf3 O-O 6. Bd3 Nc6 7. Be3 Ng4 8. Bg1
e5 9. d5 Nd4 10. Ne2 c5 11. c4 Re8 12. Bf2 Qa5+ 13. Kf1 Bd7 14. Ne1 a6 15. b3
Rf8 16. Qc1 Qc7 17. h3 Nxf2 18. Kxf2 f5 19. Qb2 fxe4 20. Bxe4 Rae8 21. Qb1 Bf5
22. Bxf5 Rxf5 23. Rf1 Qe7 24. g3 0-1

[Event "Mauricie op"]
[Site "Trois-Rivieres CAN"]
[Date "2002.03.17"]
[Round "5"]
[White "Caire, Francois"]
[Black "Lacroix, Serge"]
[Result "1-0"]
[WhiteElo "2109"]
[BlackElo "1960"]
[PlyCount "35"]
[EventDate "2002.03.15"]
[EventType "swiss"]
[EventRounds "5"]
[EventCountry "CAN"]

1. d4 Nf6 2. c4 e6 3. Nf3 d5 4. Nc3 c5 5. cxd5 exd5 6. Bg5 Be6 7. e4 dxe4 8.
Bxf6 Qxf6 9. Bb5+ Nd7 10. Bxd7+ Bxd7 11. Nxe4 Qa6 12. dxc5 O-O-O 13. Qc2 f5 14.
Nd6+ Bxd6 15. cxd6+ Kb8 16. Qc7+ Ka8 17. Ne5 Rhe8 18. f4 1-0

[Event "Montcalm op"]
[Site "Quebec CAN"]
[Date "2002.03.01"]
[Round "1"]
[White "Lacroix, Serge"]
[Black "Richard, Christian"]
[Result "1-0"]
[WhiteElo "2010"]
[BlackElo "1739"]
[PlyCount "47"]
[EventDate "2002.03.01"]
[EventType "swiss"]
[EventRounds "5"]
[EventCountry "CAN"]

1. e4 d5 2. exd5 Nf6 3. d4 Bg4 4. Be2 Bxe2 5. Qxe2 Qxd5 6. Nf3 e6 7. c4 Qf5 8.
O-O Be7 9. Nc3 O-O 10. d5 Bc5 11. dxe6 Nc6 12. Be3 Rae8 13. Bxc5 Qxc5 14. exf7+
Rxf7 15. Qc2 Qxc4 16. Rfe1 Rfe7 17. Rxe7 Rxe7 18. Qf5 b6 19. Rd1 Qe6 20. Qb5
Ne5 21. Rd8+ Kf7 22. Ng5+ Kg6 23. Nxe6 Rxe6 24. f4 1-0

[Event "Montcalm op"]
[Site "Quebec CAN"]
[Date "2002.03.02"]
[Round "2"]
[White "Girard, Robin"]
[Black "Lacroix, Serge"]
[Result "1-0"]
[WhiteElo "2202"]
[BlackElo "2010"]
[PlyCount "80"]
[EventDate "2002.03.01"]
[EventType "swiss"]
[EventRounds "5"]
[EventCountry "CAN"]

1. e4 e5 2. Nf3 Nc6 3. Bb5 a6 4. Ba4 Nf6 5. O-O Be7 6. Qe2 b5 7. Bb3 d6 8. c3
Na5 9. Bc2 c5 10. d3 O-O 11. Nbd2 Qc7 12. Re1 Re8 13. Nf1 Nc6 14. Ng3 Bd7 15.
h3 g6 16. a3 Bf8 17. Bg5 Bg7 18. Qd2 Be6 19. Rac1 d5 20. Qe2 d4 21. cxd4 Nxd4
22. Nxd4 cxd4 23. Bb3 Qd7 24. Bxe6 Rxe6 25. Qc2 h6 26. Bd2 h5 27. Rf1 Ree8 28.
f4 Rec8 29. Qb3 exf4 30. Bxf4 Qe6 31. Qb4 Rxc1 32. Rxc1 Rd8 33. a4 bxa4 34.
Qxa4 Qb6 35. Bg5 Rb8 36. Rc6 Qxb2 37. Bxf6 Qb1+ 38. Kh2 Bxf6 39. Rxf6 h4 40.
Ne2 Qxd3 1-0

[Event "Montcalm op"]
[Site "Quebec CAN"]
[Date "2002.03.02"]
[Round "3"]
[White "Lacroix, Serge"]
[Black "Daniel, Robert"]
[Result "0-1"]
[WhiteElo "2010"]
[BlackElo "1847"]
[PlyCount "81"]
[EventDate "2002.03.01"]
[EventType "swiss"]
[EventRounds "5"]
[EventCountry "CAN"]

1. e4 c5 2. Nf3 Nc6 3. d4 cxd4 4. Nxd4 d6 5. Nc3 Nf6 6. Bg5 Bd7 7. Bxf6 gxf6 8.
Qd2 h5 9. f4 Bh6 10. Nf5 Bxf5 11. exf5 Qa5 12. Bd3 O-O-O 13. Be4 e6 14. fxe6
fxe6 15. g3 d5 16. Bg2 Ne5 17. Ne4 Qb6 18. Qc3+ Nc4 19. Ke2 Qxb2 20. Qxb2 Nxb2
21. Nd2 Nc4 22. Nxc4 dxc4 23. Rab1 b6 24. Rb4 Rd6 25. Rxc4+ Kb8 26. Rd1 Rxd1
27. Kxd1 Rd8+ 28. Ke2 Rd6 29. Bh3 f5 30. Bg2 Bg7 31. h4 e5 32. Kf3 e4+ 33. Ke3
Kb7 34. a4 Bb2 35. Bh3 Bc1+ 36. Ke2 Rd5 37. Ke1 a6 38. Bf1 b5 39. axb5 axb5 40.
Be2 bxc4 41. Bxh5 0-1